NBA Teams by Former Logo - Statistics

General Stats
  • This quiz has been taken 294 times
  • The average score is 22 of 30
Answer Stats
Picture Answer % Correct
Houston Rockets
89%
Boston Celtics
87%
Toronto Raptors
87%
Miami Heat
86%
Portland Trail Blazers
85%
Washington Wizards
85%
Chicago Bulls
84%
Indiana Pacers
84%
Minnesota Timberwolves
84%
Milwaukee Bucks
82%
Atlanta Hawks
79%
Memphis Grizzlies
79%
Cleveland Cavaliers
77%
Detroit Pistons
77%
Utah Jazz
77%
Brooklyn Nets
76%
Los Angeles Lakers
76%
Orlando Magic
75%
Dallas Mavericks
73%
Sacramento Kings
70%
Phoenix Suns
69%
Oklahoma City Thunder
67%
New York Knicks
66%
Golden State Warriors
65%
Denver Nuggets
63%
San Antonio Spurs
59%
Charlotte Hornets
57%
New Orleans Pelicans
52%
Philadelphia 76ers
51%
Los Angeles Clippers
40%
No matching quizzes found
Score Distribution
Percent of People with Each Score
Percentile by Number Answered
Your Score History
You have not taken this quiz